The Big Lez Show characters - Statistics

General Stats
  • This quiz has been taken 16 times
  • The average score is 10 of 14
Answer Stats
Picture Answer % Correct
big lez
100%
donny the dealer
100%
sassy the sasquatch
100%
clarence claymore
88%
mike nolan
88%
owly
75%
quinton
75%
scruffy
75%
wayno
63%
choomah
50%
norton
50%
taipan pete
50%
ellis warnington
38%
nigel
38%
No matching quizzes found
Score Distribution
Percent of People with Each Score
Percentile by Number Answered
Your Score History
You have not taken this quiz